Most Populated City in Each County in Massachusetts - Statistics

General Stats
  • This quiz has been taken 41 times
  • The average score is 10 of 14
Answer Stats
County City Pop. City % Correct
Suffolk 654,776 Boston
97%
Worcester 205,918 Worcester
94%
Hampden 154,789 Springfield
88%
Middlesex 117,090 Cambridge
85%
Bristol 100,941 New Bedford
85%
Nantucket 11,327 Nantucket
82%
Barnstable 49,583 Barnstable
79%
Essex 100,843 Lynn
76%
Plymouth 105,446 Brockton
74%
Norfolk 101,119 Quincy
71%
Berkshire 43,641 Pittsfield
68%
Franklin 17,456 Greenfield
44%
Hampshire 37,819 Amherst
41%
Dukes 4,678 Oak Bluffs
41%
No matching quizzes found
Score Distribution
Percent of People with Each Score
Percentile by Number Answered
Your Score History
You have not taken this quiz